| 000 | 00479nam a2200181Ia 4500 | ||
|---|---|---|---|
| 001 | 1872 | ||
| 005 | 20260306143800.0 | ||
| 008 | 260306t2008||||xx |||||||||||||| ||spa|| | ||
| 041 | _aESP | ||
| 082 |
_a158 _bT53 |
||
| 100 |
_aTierno Jiménez, Bernabé _eAUT |
||
| 245 | 0 |
_aPsicología práctica de la vida cotidiana: _bconsejos para mejorar el día a día |
|
| 260 | _c2008 | ||
| 300 |
_a388 páginas : _c19 cm. |
||
| 650 | _aGEN | ||
| 654 | _aCPS | ||
| 942 |
_cLIB _dJUS _fJUS _2ddc _n |
||
| 999 |
_c1872 _d1872 |
||